000 00466nam a22001697a 4500
999 _c26566
_d26566
003 BDDh-ASL
005 20231015030646.0
008 211014s1938 i ||||| |||| 00| 0 u d
040 _aBDDh-ASL
_cBDDh-ASL
082 _a297.3
_bMUN
245 0 0 _aMunabbahat-I Ibn Hajar : / منبھات ابن حجر
260 _aKanpur :
_bMajidi Press ,
_c1938.
300 _a88 p. :
_c24 cm.
650 0 _91652
_aIslam
700 1 _95003
_aSafi, Muhammad
942 _2ddc
_cBK